[Event "World Blitz 2015"]
[Site "Berlin GER"]
[Date "2015.10.14"]
[Round "12.67"]
[White "Dlugy, Maxim"]
[Black "Sanal, Vahap"]
[Result "1-0"]
[WhiteTitle "GM"]
[BlackTitle "IM"]
[WhiteElo "2518"]
[BlackElo "2501"]
[WhiteFideId "2000075"]
[BlackFideId "6300545"]
[EventDate "2015.10.13"]

1. d4 Nf6 2. c4 e6 3. Nf3 b6 4. g3 Ba6 5. Qa4 Bb7 6. Bg2 c5 7. dxc5 Bxc5 8. O-O
O-O 9. Nc3 Ne4 10. Nxe4 Bxe4 11. b4 Be7 12. Bf4 Qc8 13. Rac1 a5 14. b5 d6 15. c5
d5 16. cxb6 Qe8 17. b7 Ra7 18. Rc8 Qd7 19. Rxb8 Rxb8 20. Bxb8 Rxb7 21. Ne5 Qxb5
22. Qxb5 Rxb5 23. Nc6 Bf6 24. Bxe4 dxe4 25. e3 Rc5 26. Nd4 Rc4 27. Ba7 h5 28.
Rb1 e5 29. Nf5 Kh7 30. Nd6 Ra4 31. Rb2 Kg6 32. Bc5 h4 33. Kg2 hxg3 34. hxg3 Bg5
35. Rc2 f5 36. Nc8 Bd8 37. Nb6 Bxb6 38. Bxb6 Kg5 39. Rc5 Rxa2 40. Bxa5 Kg4 41.
Bc7 g5 42. Bxe5 Ra6 43. Rc4 Kh5 44. Rb4 Rc6 45. Kh3 Rc2 46. Rb2 Rc5 47. Bd4 Ra5
48. g4+ fxg4+ 49. Kg3 Ra1 50. Rb8 Rh1 1-0

[Event "World Blitz 2015"]
[Site "Berlin GER"]
[Date "2015.10.14"]
[Round "12.68"]
[White "Van Wely, Loek"]
[Black "Stern, Rene"]
[Result "1-0"]
[WhiteTitle "GM"]
[BlackTitle "GM"]
[WhiteElo "2632"]
[BlackElo "2538"]
[WhiteFideId "1000268"]
[BlackFideId "4611799"]
[EventDate "2015.10.13"]

1. d4 Nf6 2. c4 e6 3. Nf3 Bb4+ 4. Bd2 a5 5. g3 d6 6. Bg2 Nbd7 7. O-O e5 8. Be3
exd4 9. Bxd4 O-O 10. a3 Bc5 11. Nc3 Re8 12. h3 c6 13. b3 Qe7 14. e3 Ne5 15. Nh4
Ng6 16. Nxg6 hxg6 17. Bxc5 dxc5 18. Re1 Be6 19. Qc2 Rad8 20. Rad1 Bf5 21. Qc1
Ne4 22. g4 Nxc3 23. Qxc3 Be6 24. a4 Rd6 25. Qxa5 Red8 26. Qxc5 Rxd1 27. Qxe7
Rxe1+ 28. Kh2 Rd2 29. Kg3 Ree2 30. Qxb7 Rxf2 31. Bxc6 Rfe2 32. Qb8+ Kh7 33. Qe5
Rd3 34. Kf3 Re1 35. Bd5 Bxd5+ 36. cxd5 Rxb3 37. Qd4 Rf1+ 38. Ke2 Rfb1 39. d6
R3b2+ 40. Kf3 Rf1+ 41. Ke4 Rb8 42. d7 Rd8 43. Qd6 Rf6 44. Qc7 Re6+ 1-0

[Event "World Blitz 2015"]
[Site "Berlin GER"]
[Date "2015.10.14"]
[Round "12.69"]
[White "Schmaltz, Roland"]
[Black "Sumets, Andrey"]
[Result "1/2-1/2"]
[WhiteTitle "GM"]
[BlackTitle "GM"]
[WhiteElo "2504"]
[BlackElo "2583"]
[WhiteFideId "4614054"]
[BlackFideId "14105500"]
[EventDate "2015.10.13"]

1. e4 e6 2. d4 d5 3. Nc3 Nf6 4. e5 Nfd7 5. f4 c5 6. Nf3 Nc6 7. Be3 Qb6 8. a3
cxd4 9. Nxd4 Bc5 10. Ncb5 Nxd4 11. Bxd4 O-O 12. b4 Bxd4 13. Qxd4 Qxd4 14. Nxd4
Nb8 15. Bd3 Nc6 16. Nb3 f6 17. exf6 gxf6 18. c4 Ne7 19. O-O b6 20. Rfe1 Kf7 21.
Re3 dxc4 22. Bxc4 Nf5 23. Rh3 Rh8 24. Rd1 Ke7 25. Rhd3 h5 26. Nd4 Nxd4 27. Rxd4
a5 28. Rd6 axb4 29. axb4 Rb8 30. f5 e5 31. Rc6 Rb7 32. Be6 Bxe6 33. Rxe6+ Kf7
34. Rdd6 Rh6 35. Rxb6 Rxb6 36. Rxb6 h4 37. Rb7+ Ke8 38. b5 Rh5 39. b6 Kd8 40.
Rf7 Kc8 41. Rxf6 Kb7 42. Kf2 Rg5 43. Kf3 e4+ 44. Kxe4 Rxg2 45. Rh6 Rxh2 46. Ke5
h3 47. f6 Re2+ 48. Kd6 Rf2 49. Ke7 Re2+ 50. Kf8 h2 51. f7 Rg2 52. Ke8 Re2+ 53.
Kd7 Rd2+ 54. Ke6 Re2+ 55. Kf6 Rf2+ 56. Kg7 Rg2+ 57. Kf8 Rf2 58. Ke8 Re2+ 1/2-1/2

[Event "World Blitz 2015"]
[Site "Berlin GER"]
[Date "2015.10.14"]
[Round "12.70"]
[White "Agrest, Evgenij"]
[Black "Svane, Rasmus"]
[Result "0-1"]
[WhiteTitle "GM"]
[BlackTitle "IM"]
[WhiteElo "2596"]
[BlackElo "2543"]
[WhiteFideId "1705024"]
[BlackFideId "4657101"]
[EventDate "2015.10.13"]

1. Nf3 d5 2. c4 c6 3. e3 Nf6 4. Qc2 Bg4 5. Ne5 Bh5 6. Qb3 Nbd7 7. d4 Qc7 8. Nc3
e6 9. Nd3 Bd6 10. c5 Be7 11. Nf4 Bg6 12. Be2 e5 13. Nxg6 hxg6 14. h3 g5 15. Bd2
O-O-O 16. O-O-O Nf8 17. Qa4 Kb8 18. Bd3 Ne6 19. Bf5 e4 20. f3 exf3 21. gxf3 g6
22. Bxe6 fxe6 23. e4 Nh5 24. e5 Rdf8 25. Qc2 Rf5 26. Rdg1 Qd8 27. Nd1 Qe8 28.
Ne3 Rxf3 29. Ng4 Nf4 30. Bxf4 Rxf4 31. Qd2 Qf7 32. Kb1 Rf3 33. Ka1 Rhxh3 34. a3
Rxh1 35. Rxh1 Rf1+ 36. Rxf1 Qxf1+ 37. Ka2 Qf3 38. Nh6 g4 39. Qc2 Qe4 40. Qxe4 0-1

[Event "World Blitz 2015"]
[Site "Berlin GER"]
[Date "2015.10.14"]
[Round "12.71"]
[White "Schneider, Ilja"]
[Black "Donchenko, Alexander"]
[Result "0-1"]
[WhiteTitle "IM"]
[BlackTitle "GM"]
[WhiteElo "2481"]
[BlackElo "2577"]
[WhiteFideId "4663306"]
[BlackFideId "24603295"]
[EventDate "2015.10.13"]

1. a3 Nf6 2. Nf3 g6 3. d4 Bg7 4. Bg5 c5 5. c3 cxd4 6. cxd4 Ne4 7. Bf4 O-O 8. e3
Qb6 9. Qc2 d5 10. Nc3 Nxc3 11. Qxc3 Bf5 12. Rc1 Nc6 13. b4 Rfc8 14. Qd2 a5 15.
b5 Na7 16. a4 Rxc1+ 17. Qxc1 Rc8 18. Qa3 e5 19. Bxe5 Bf8 20. Qa1 Bb4+ 21. Kd1
Bc2+ 22. Ke2 Nxb5 23. Nd2 Nc3+ 24. Kf3 Qe6 25. g4 Bd1+ 26. Kg2 Qxg4+ 27. Bg3 Ne4
28. f3 Bxf3+ 29. Nxf3 Rc2+ 30. Kg1 Qxf3 0-1

[Event "World Blitz 2015"]
[Site "Berlin GER"]
[Date "2015.10.14"]
[Round "12.73"]
[White "Polzin, Rainer"]
[Black "Sethuraman, S.P."]
[Result "1-0"]
[WhiteTitle "GM"]
[BlackTitle "GM"]
[WhiteElo "2416"]
[BlackElo "2640"]
[WhiteFideId "4610741"]
[BlackFideId "5021596"]
[EventDate "2015.10.13"]

1. e4 g6 2. d4 Bg7 3. Nc3 d6 4. Be3 a6 5. a4 Nd7 6. Qd2 b6 7. h4 h5 8. f3 Bb7 9.
Nh3 Ngf6 10. Ng5 O-O 11. Be2 c5 12. d5 Ne5 13. Nd1 Qd7 14. Nf2 b5 15. axb5 axb5
16. O-O Nh7 17. c3 Nxg5 18. hxg5 Nc4 19. Bxc4 bxc4 20. g4 e6 21. gxh5 gxh5 22.
dxe6 Qxe6 23. Kg2 f5 24. gxf6 Qxf6 25. Qe2 d5 26. Rxa8 Bxa8 27. Bxc5 Qg5+ 28.
Kh1 Qh4+ 29. Kg2 Rf6 30. Rh1 Qg5+ 31. Kf1 dxe4 32. Bd4 exf3 33. Qe8+ Rf8 34.
Qe6+ Kh7 35. Bxg7 Kxg7 36. Rg1 Qg2+ 37. Rxg2+ fxg2+ 38. Kg1 Bf3 39. Qxc4 Re8 40.
Qd4+ Kh6 41. Qd2+ Kg7 42. Qg5+ Kh8 43. Qh6+ Kg8 44. Qg6+ Kf8 45. Qf6+ Kg8 46.
Qxf3 1-0

[Event "World Blitz 2015"]
[Site "Berlin GER"]
[Date "2015.10.14"]
[Round "12.75"]
[White "Fedorchuk, Sergey A."]
[Black "Hasangatin, Ramil"]
[Result "1/2-1/2"]
[WhiteTitle "GM"]
[BlackTitle "GM"]
[WhiteElo "2635"]
[BlackElo "2509"]
[WhiteFideId "14102536"]
[BlackFideId "4122160"]
[EventDate "2015.10.13"]

1. e4 d5 2. exd5 Qxd5 3. Nc3 Qd6 4. d4 c6 5. Nf3 Bg4 6. h3 Bh5 7. g4 Bg6 8. Bg2
e6 9. Qe2 Nf6 10. Bg5 Nbd7 11. O-O-O Be7 12. Kb1 Nd5 13. Ne4 Bxe4 14. Qxe4 Bxg5
15. Nxg5 Qf4 16. h4 h6 17. Nh3 Qxe4 18. Bxe4 N7f6 19. Bf3 b5 20. g5 hxg5 21.
hxg5 Nd7 22. a4 a6 23. Bxd5 cxd5 24. Nf4 Ke7 25. Rhe1 Nb6 26. axb5 axb5 27. b3
Rh4 28. Ne2 Rg4 29. f4 Rg2 30. Nc3 b4 31. Na2 Kd6 32. Nxb4 Rh8 33. Nd3 Rhh2 34.
Rc1 Nd7 35. Ne5 Nxe5 36. fxe5+ Ke7 37. Re3 Rxg5 38. b4 Kd7 39. Kb2 f5 40. exf6
gxf6 41. Ra1 e5 42. Ra7+ Ke6 43. Ra6+ Kf5 44. Rf3+ Ke4 45. Raxf6 Kxd4 46. Rd3+
Ke4 47. b5 Rgg2 48. Rc3 d4 49. Rc4 Kd5 50. Kb3 d3 51. cxd3 Rb2+ 52. Ka4 Ra2+ 53.
Kb3 Rhb2+ 54. Kc3 Rc2+ 55. Kb4 Rcb2+ 56. Kc3 Rc2+ 1/2-1/2

[Event "World Blitz 2015"]
[Site "Berlin GER"]
[Date "2015.10.14"]
[Round "12.76"]
[White "Valdes Romero, Leonardo"]
[Black "Halkias, Stelios"]
[Result "0-1"]
[WhiteTitle "IM"]
[BlackTitle "GM"]
[WhiteElo "2362"]
[BlackElo "2534"]
[WhiteFideId "6500331"]
[BlackFideId "4201809"]
[EventDate "2015.10.13"]

1. Nf3 d5 2. g3 c5 3. Bg2 Nc6 4. d4 e6 5. O-O Nf6 6. a3 cxd4 7. Nxd4 Bc5 8. Nxc6
bxc6 9. b4 Bb6 10. c4 O-O 11. Bb2 Ba6 12. Nd2 Qe7 13. Qa4 Bb7 14. c5 Bc7 15. e4
a5 16. Qc2 Ba6 17. Rfe1 Rab8 18. Bc3 Rfd8 19. e5 Nd7 20. Nf3 Bb7 21. Rad1 Rdc8
22. h4 Ra8 23. Ng5 Nf8 24. Bf1 axb4 25. axb4 h6 26. Nf3 Ba6 27. Nd4 Bxf1 28.
Kxf1 Qe8 29. Qe2 Nd7 30. f4 Nf8 31. Rd3 Ra3 32. Red1 Rca8 33. Be1 Ra2 34. R1d2
Ra1 35. Kg2 Ng6 36. h5 Ne7 37. g4 Qd7 38. Rg3 Kh8 39. Bf2 Rb1 40. Rb2 Rc1 41.
Be3 Rc4 42. Nf3 Ra3 43. Nd2 Rcc3 44. Bf2 Rxg3+ 45. Bxg3 Qc8 46. Nf3 Qa8 47. Nd4
Ra1 48. Rd2 Qa3 49. Bf2 Qc1 50. Kg3 Qh1 51. Qf3 Qc1 52. Rc2 Qb1 53. g5 hxg5 54.
Be3 Qe1+ 55. Rf2 Ra3 56. Nc2 gxf4+ 57. Kxf4 Qc3 58. Nxa3 Qxb4+ 59. Kg3 Nf5+ 60.
Kh3 Qxa3 61. Bf4 Qxc5 62. Ra2 Kh7 63. Qf2 Qc3+ 64. Kg2 Bxe5 65. Bxe5 Qxe5 66.
Re2 Qc3 67. Kf1 Ng3+ 68. Kg2 Nxe2 69. Qxe2 Qf6 70. Qc2+ Qf5 71. Qxc6 Qxh5 72.
Qd7 Qg6+ 73. Kh3 Qf5+ 74. Kh4 f6 75. Qc8 d4 76. Qd7 d3 77. Qd4 e5 78. Qd8 d2 79.
Qxd2 Qf4+ 0-1

[Event "World Blitz 2015"]
[Site "Berlin GER"]
[Date "2015.10.14"]
[Round "12.77"]
[White "Rasmussen, Allan Stig"]
[Black "Ernst, Sipke"]
[Result "0-1"]
[WhiteTitle "GM"]
[BlackTitle "GM"]
[WhiteElo "2498"]
[BlackElo "2527"]
[WhiteFideId "1406000"]
[BlackFideId "1004689"]
[EventDate "2015.10.13"]

1. c4 e5 2. Nc3 d6 3. Nf3 f5 4. g3 Nf6 5. d4 e4 6. Nh4 Be7 7. Bh3 g6 8. Bh6 c6
9. Qb3 Na6 10. f3 exf3 11. exf3 Qb6 12. O-O-O Qxb3 13. axb3 Kf7 14. Rhe1 Be6 15.
Ng2 Bd7 16. Nf4 Ng8 17. Rxe7+ Nxe7 18. c5 dxc5 19. dxc5 Rhd8 20. Nd3 Be6 21.
Ne5+ Ke8 22. Re1 Nxc5 23. b4 Nb3+ 24. Kc2 Nd4+ 25. Kc1 a5 26. b5 cxb5 27. Bg5 b4
28. Na4 Rac8+ 29. Kb1 Rc7 30. Bf1 b5 31. Nb6 Rd6 32. Na8 Ra7 33. Bxe7 Kxe7 34.
Rd1 Rxa8 35. Rxd4 Rxd4 36. Nc6+ Kf6 37. Nxd4 Rd8 0-1

[Event "World Blitz 2015"]
[Site "Berlin GER"]
[Date "2015.10.14"]
[Round "12.78"]
[White "Shabalov, Alexander"]
[Black "Kunin, Vitaly"]
[Result "0-1"]
[WhiteTitle "GM"]
[BlackTitle "GM"]
[WhiteElo "2522"]
[BlackElo "2556"]
[WhiteFideId "2008572"]
[BlackFideId "4128737"]
[EventDate "2015.10.13"]

1. Nf3 d6 2. d4 Nf6 3. g3 Nbd7 4. Bg2 e5 5. O-O g6 6. b3 Bg7 7. Bb2 O-O 8. Nbd2
Re8 9. e3 e4 10. Ng5 d5 11. c4 c6 12. f3 h6 13. Nxf7 Kxf7 14. cxd5 cxd5 15. fxe4
dxe4 16. Nxe4 Kg8 17. Qc2 Nxe4 18. Bxe4 Nf8 19. Bxg6 Nxg6 20. Qxg6 Qe7 21. d5
Bh3 22. Rf2 Kh8 23. Qxh6+ Kg8 24. Bxg7 Qxg7 25. Qxg7+ Kxg7 26. Re1 Re5 27. Rd2
Rf8 28. Rf2 Rxd5 29. Rxf8 Kxf8 30. Kf2 Bg4 31. e4 Rd2+ 32. Ke3 Rxa2 33. h4 Rb2
34. Kf4 Be6 35. Ke5 Ke7 36. h5 Rxb3 37. Rg1 Rb5+ 0-1

[Event "World Blitz 2015"]
[Site "Berlin GER"]
[Date "2015.10.14"]
[Round "12.79"]
[White "Shchekachev, Andrei"]
[Black "Teske, Henrik"]
[Result "0-1"]
[WhiteTitle "GM"]
[BlackTitle "GM"]
[WhiteElo "2531"]
[BlackElo "2475"]
[WhiteFideId "4107730"]
[BlackFideId "4611500"]
[EventDate "2015.10.13"]

1. Nf3 Nc6 2. d4 d5 3. c4 Bg4 4. Nc3 Bxf3 5. gxf3 e6 6. Bf4 Nf6 7. e3 Bd6 8. Bg3
dxc4 9. Bxc4 O-O 10. f4 a6 11. Bh4 Be7 12. Rc1 Nb4 13. O-O Nbd5 14. Qf3 c6 15.
Bb3 Rc8 16. Kh1 Kh8 17. Rg1 Ng8 18. Bg3 g6 19. Rgd1 Bf6 20. e4 Nb6 21. d5 cxd5
22. exd5 exd5 23. f5 Ne7 24. Bc2 Qd7 25. a4 Bxc3 26. bxc3 Nxf5 27. a5 Nxg3+ 28.
hxg3 Nc4 29. Rxd5 Qe6 30. Rcd1 Rc7 31. Kg2 Kg7 32. Bb3 Nxa5 33. Rc5 Qb6 34. Rxc7
Qxc7 35. Bd5 b5 36. Qe3 Nc4 37. Qd4+ Qe5 38. Bxc4 Qxd4 39. Rxd4 bxc4 40. Rxc4
Ra8 41. Kf3 Kf6 42. Ke4 a5 43. Ra4 Ke6 44. c4 Kd6 45. Kd4 Kc6 46. Ke5 f5 47. f3
Kc5 48. g4 fxg4 49. fxg4 h5 50. Kf4 h4 51. g5 Kb6 52. Kg4 Rh8 53. Kh3 Rh5 54.
Ra1 Rxg5 55. Kxh4 Rc5 56. Ra4 Rf5 57. Kg4 Rc5 58. Kf4 Kc6 59. Ke4 Rh5 60. Kf4
Rc5 61. Ke4 g5 62. Kd4 Rf5 63. Ra1 g4 64. Ke4 Rc5 65. Ra4 g3 66. Kf3 Rg5 67. Kg2
Kb6 68. Ra1 Rg8 69. Rb1+ Ka6 70. Ra1 Kb6 71. Rb1+ Ka7 72. Ra1 Ka6 73. Ra4 Rg4
74. Ra2 Rxc4 75. Kxg3 Re4 76. Kf3 Re7 77. Ra1 Kb5 78. Rb1+ Kc4 79. Rc1+ Kb3 80.
Rb1+ Ka2 81. Rb5 a4 82. Kf2 a3 83. Kf3 Ka1 84. Kf2 a2 85. Kf1 Rc7 86. Ke2 Rc1
87. Kd2 Rb1 88. Ra5 Kb2 89. Rb5+ Ka3 90. Ra5+ Kb3 0-1

[Event "World Blitz 2015"]
[Site "Berlin GER"]
[Date "2015.10.14"]
[Round "12.80"]
[White "Carow, Johannes"]
[Black "Olafsson, Helgi"]
[Result "1-0"]
[WhiteTitle "FM"]
[BlackTitle "GM"]
[WhiteElo "2431"]
[BlackElo "2549"]
[WhiteFideId "24692050"]
[BlackFideId "2300010"]
[EventDate "2015.10.13"]

1. d4 Nf6 2. c4 e6 3. Nc3 Bb4 4. Qc2 c5 5. dxc5 O-O 6. a3 Bxc5 7. Bf4 b6 8. Nf3
Bb7 9. Rd1 Nc6 10. b4 Be7 11. e4 Nh5 12. Be3 a5 13. b5 Nb8 14. Be2 Bxa3 15. Na4
Bb4+ 16. Nd2 Qh4 17. O-O Bxd2 18. Qxd2 Bxe4 19. Bg5 1-0

[Event "World Blitz 2015"]
[Site "Berlin GER"]
[Date "2015.10.14"]
[Round "12.82"]
[White "Ben Artzi, Ido"]
[Black "Richter, Michael"]
[Result "0-1"]
[WhiteTitle "IM"]
[BlackTitle "GM"]
[WhiteElo "2419"]
[BlackElo "2517"]
[WhiteFideId "2810913"]
[BlackFideId "4618920"]
[EventDate "2015.10.13"]

1. d4 d5 2. c4 e6 3. Nc3 c6 4. Nf3 dxc4 5. a4 Bb4 6. e3 b5 7. Bd2 a5 8. axb5
Bxc3 9. Bxc3 cxb5 10. Bd2 Bb7 11. b3 Nf6 12. bxc4 b4 13. Bd3 O-O 14. O-O Nbd7
15. Qe2 Ne4 16. Rfc1 Qc7 17. d5 Ndc5 18. Nd4 Nxd2 19. Qxd2 Nxd3 20. Qxd3 a4 21.
dxe6 fxe6 22. Nxe6 Qc6 23. Qd5 Qxd5 24. cxd5 Rfc8 25. d6 Rxc1+ 26. Rxc1 b3 27.
Nc5 b2 28. Rd1 a3 29. d7 a2 30. d8=Q+ Rxd8 31. Rxd8+ Kf7 0-1

[Event "World Blitz 2015"]
[Site "Berlin GER"]
[Date "2015.10.14"]
[Round "12.83"]
[White "Kovalev, Vladislav"]
[Black "Bruedigam, Martin"]
[Result "1-0"]
[WhiteTitle "GM"]
[BlackTitle "FM"]
[WhiteElo "2546"]
[BlackElo "2375"]
[WhiteFideId "13504398"]
[BlackFideId "24608033"]
[EventDate "2015.10.13"]

1. e4 e5 2. Nf3 Nc6 3. Bb5 a6 4. Ba4 Nf6 5. O-O Be7 6. Re1 b5 7. Bb3 d6 8. c3
O-O 9. d4 Bg4 10. Be3 Bh5 11. h3 exd4 12. cxd4 Na5 13. Bc2 d5 14. e5 Ne4 15. Nc3
f5 16. exf6 Nxf6 17. g4 Nxg4 18. hxg4 Bxg4 19. Qd3 Bf5 20. Qxf5 Rxf5 21. Bxf5 h6
22. Be6+ Kh7 23. Bxd5 Rb8 24. Be4+ Kg8 25. Ne5 Nc4 26. Nc6 Qc8 27. Nxe7+ 1-0

[Event "World Blitz 2015"]
[Site "Berlin GER"]
[Date "2015.10.14"]
[Round "12.84"]
[White "Pham, Le Thao Nguyen"]
[Black "Berend, Elvira"]
[Result "1/2-1/2"]
[WhiteTitle "IM"]
[BlackTitle "WGM"]
[WhiteElo "2319"]
[BlackElo "2370"]
[WhiteFideId "12401226"]
[BlackFideId "4000510"]
[EventDate "2015.10.13"]

1. d4 Nf6 2. Nf3 g6 3. Bf4 Bg7 4. e3 O-O 5. Be2 d6 6. h3 c5 7. c3 Qb6 8. Qb3 Nc6
9. Nbd2 Be6 10. Qxb6 axb6 11. a3 h6 12. O-O Rfc8 13. Rfe1 cxd4 14. exd4 Na5 15.
Bg3 Kf8 16. Bd3 Nb3 17. Nxb3 Bxb3 18. Nd2 Bd5 19. Re2 g5 20. Rae1 Rc7 21. Bb5
Nh5 22. Bh2 Nf4 23. Bxf4 gxf4 24. Bd3 e6 25. Be4 Bc6 26. Bf3 d5 27. Rc1 Bb5 28.
Ree1 Rac8 29. Ra1 Bf6 30. Be2 Be8 31. Bd3 Kg7 32. Nf3 Ba4 33. Ne5 Bb3 34. Re2
Ra8 35. Rae1 Rac8 36. Ng4 Bg5 37. Ne5 Bf6 38. Nf3 Ra8 39. Nd2 Ba4 40. Kh2 Rac8
41. g3 fxg3+ 42. fxg3 Be7 43. Kg2 Bd6 44. Nf3 Be8 45. Ne5 Ra8 46. Rf1 Rac8 47.
Ref2 Ra8 48. Be2 Bxe5 49. dxe5 Ra4 50. Bh5 Re4 51. Rf4 Rxe5 52. Bg4 f5 53. Bd1
Re4 54. R4f2 Bc6 55. Bc2 Re5 56. Kh2 Re3 57. g4 Bb5 58. Rg1 f4 59. Rxf4 Rf7 60.
Rxf7+ Kxf7 61. Rg2 Bd3 62. Rf2+ Ke7 63. Bxd3 Rxd3 64. h4 Re3 65. Kg2 b5 66. Kh2
b6 67. Kg2 Rd3 68. Kh2 Re3 1/2-1/2

[Event "World Blitz 2015"]
[Site "Berlin GER"]
[Date "2015.10.14"]
[Round "12.85"]
[White "Przybylski, Wojciech"]
[Black "Maze, Sebastien"]
[Result "0-1"]
[WhiteTitle "FM"]
[BlackTitle "GM"]
[WhiteElo "2354"]
[BlackElo "2582"]
[WhiteFideId "1117599"]
[BlackFideId "613762"]
[EventDate "2015.10.13"]

1. e4 c5 2. Nf3 Nc6 3. Bb5 e6 4. b3 Nge7 5. Bb2 a6 6. Bxc6 Nxc6 7. O-O b5 8. c4
Bb7 9. Re1 Qc7 10. Nc3 bxc4 11. bxc4 Nd4 12. d3 Be7 13. Nxd4 cxd4 14. Ne2 e5 15.
f4 d6 16. Ng3 g6 17. f5 O-O 18. Bc1 f6 19. Qg4 Bc8 20. Bh6 Rf7 21. h4 Bd7 22.
Rab1 Kh8 23. Qf3 Rg8 24. Rb2 Bf8 25. Bxf8 Rfxf8 26. Reb1 g5 27. Rb7 Qc8 28. Qh5
Rg7 29. R7b2 Rfg8 30. Nf1 gxh4 31. Qxh4 Qd8 32. Rf2 Bc6 33. Nh2 Rg5 34. Nf3 Rg4
35. Qh6 R4g7 36. Rbb2 Rg3 37. Qh4 R3g7 38. Rb1 Rf7 39. Kh2 Qa5 40. Rbb2 Qc3 41.
Kg1 Qxd3 42. Rb6 Qxe4 43. Rbb2 Qxh4 44. Nxh4 e4 45. Rfd2 d3 46. Kf2 Re7 47. Ke3
Rg3+ 48. Kf4 Rg8 49. Ke3 Rg4 50. g3 Rxg3+ 51. Kf4 Rh3 52. Ng2 Rf3+ 53. Kg4 Rg7+
54. Kh4 Rxf5 55. Rb8+ Rg8 56. Rxg8+ Kxg8 57. Ne3 Rf3 58. Ng4 Bd7 59. Rg2 Bxg4
60. Rxg4+ Kf7 61. Rxe4 d2 62. Rd4 Rf4+ 63. Rxf4 d1=Q 0-1

[Event "World Blitz 2015"]
[Site "Berlin GER"]
[Date "2015.10.14"]
[Round "12.86"]
[White "Choukri, Adel"]
[Black "Handke, Florian"]
[Result "0-1"]
[WhiteTitle "CM"]
[BlackTitle "GM"]
[WhiteElo "2199"]
[BlackElo "2531"]
[WhiteFideId "9000399"]
[BlackFideId "4634527"]
[EventDate "2015.10.13"]

1. e4 c5 2. Nf3 Nc6 3. Bb5 Nf6 4. Qe2 g6 5. O-O Bg7 6. c3 O-O 7. d4 cxd4 8. cxd4
d6 9. h3 a6 10. Ba4 b5 11. Bb3 Na5 12. Bc2 Bb7 13. a3 Rc8 14. Nc3 Nc4 15. Bd3
Qb6 16. Bg5 h6 17. Bf4 Rfe8 18. Bh2 e5 19. dxe5 dxe5 20. Bxc4 Rxc4 21. Bxe5 Nxe4
22. Bxg7 Kxg7 23. Nd2 Nxd2 24. Qxd2 Qc6 25. f3 b4 26. axb4 Rxb4 27. Ne4 Qb6+ 28.
Kh2 Bxe4 29. fxe4 Rbxe4 30. Qc3+ Kg8 31. Qf6 Qxf6 32. Rxf6 Re1 33. Rxe1 Rxe1 34.
Rf4 Re6 35. b4 Rb6 36. Rc4 f5 37. Kg3 Kf7 38. Kf3 0-1

[Event "World Blitz 2015"]
[Site "Berlin GER"]
[Date "2015.10.14"]
[Round "12.87"]
[White "Seel, Christian"]
[Black "Lagunow, Raphael"]
[Result "1-0"]
[WhiteTitle "IM"]
[WhiteElo "2474"]
[BlackElo "2164"]
[WhiteFideId "4663098"]
[BlackFideId "24652644"]
[EventDate "2015.10.13"]

1. d4 d5 2. e4 dxe4 3. Nc3 Nf6 4. f3 exf3 5. Nxf3 e6 6. Bg5 Be7 7. Bd3 O-O 8.
Qe2 Nbd7 9. O-O-O h6 10. Bh4 c6 11. Rhg1 Nd5 12. Nxd5 cxd5 13. Bxe7 Qxe7 14. g4
b5 15. g5 h5 16. g6 f5 17. Ne5 Nf6 18. Rg5 Re8 19. Rxh5 Ba6 20. Rh3 Rac8 21. Qe1
Ne4 22. Nf7 Rf8 23. Rh8# 1-0

[Event "World Blitz 2015"]
[Site "Berlin GER"]
[Date "2015.10.14"]
[Round "12.88"]
[White "Hovhannisyan, Mher"]
[Black "Kulon, Klaudia"]
[Result "0-1"]
[WhiteTitle "IM"]
[BlackTitle "WGM"]
[WhiteElo "2499"]
[BlackElo "2324"]
[WhiteFideId "13300865"]
[BlackFideId "1131044"]
[EventDate "2015.10.13"]

1. e4 e5 2. Nf3 Nc6 3. Nc3 Nf6 4. Bb5 d6 5. d4 exd4 6. Nxd4 Bd7 7. Bxc6 bxc6 8.
Qf3 c5 9. Nf5 h6 10. O-O g6 11. Ne3 Bg7 12. Nc4 O-O 13. e5 Ne8 14. exd6 cxd6 15.
Bf4 Be6 16. Nxd6 Nxd6 17. Rad1 Qa5 18. Bxd6 Rfd8 19. Be7 Re8 20. Bf6 Qb4 21.
Bxg7 Bg4 22. Qf6 Re6 23. Rd8+ Rxd8 24. Qxd8+ Kxg7 25. Qd2 Qxb2 26. h3 Bf5 27.
Rc1 Re7 28. Nd5 Rd7 29. Qd1 Rxd5 30. Qxd5 Qxc1+ 31. Kh2 Qf4+ 32. Kg1 Qc1+ 33.
Kh2 Qxc2 34. Qe5+ Kh7 35. Qf6 Be6 0-1

[Event "World Blitz 2015"]
[Site "Berlin GER"]
[Date "2015.10.14"]
[Round "12.89"]
[White "Thiede, Lars"]
[Black "Wendt, Jan-Dietrich"]
[Result "1-0"]
[WhiteTitle "IM"]
[BlackTitle "FM"]
[WhiteElo "2437"]
[BlackElo "2332"]
[WhiteFideId "4607759"]
[BlackFideId "4623797"]
[EventDate "2015.10.13"]

1. g3 d5 2. Bg2 Nf6 3. Nf3 g6 4. c4 dxc4 5. Na3 Bg7 6. Nxc4 O-O 7. O-O c5 8. d3
Nc6 9. Bd2 Be6 10. a3 Rc8 11. b4 Nd5 12. Rb1 cxb4 13. axb4 b5 14. Na3 a6 15. Ng5
Qd7 16. Nxe6 Qxe6 17. Qb3 Rfd8 18. e3 Nc7 19. Bxc6 Qxc6 20. Rfc1 Qd7 21. d4 Ne6
22. Be1 Ng5 23. Rxc8 Rxc8 24. h4 Nf3+ 25. Kg2 Qb7 26. d5 Ne5 27. Rd1 e6 28. e4
Nc4 29. Nc2 exd5 30. exd5 Qe7 31. Ne3 Qe4+ 32. Kg1 Ne5 33. Qb1 Nf3+ 34. Kf1 Nh2+
35. Kg1 Nf3+ 36. Kh1 Qe7 37. Kg2 Ne5 38. Qe4 Qd6 39. f4 Nc4 40. Bf2 h5 41. f5
Nxe3+ 42. Bxe3 Rc4 43. Qf3 Qe5 44. fxg6 fxg6 45. d6 Rc2+ 46. Bf2 Rc8 1-0

[Event "World Blitz 2015"]
[Site "Berlin GER"]
[Date "2015.10.14"]
[Round "12.90"]
[White "Vogel, Roven"]
[Black "Carstensen, Jacob"]
[Result "1-0"]
[BlackTitle "IM"]
[WhiteElo "2417"]
[BlackElo "2352"]
[WhiteFideId "12908088"]
[BlackFideId "1404180"]
[EventDate "2015.10.13"]

1. b3 e5 2. Bb2 Nc6 3. e3 Nf6 4. Bb5 Bd6 5. Na3 a6 6. Bxc6 dxc6 7. Nc4 Qe7 8. d3
b5 9. Nd2 Bb7 10. e4 c5 11. Ne2 Nh5 12. a4 O-O 13. O-O f5 14. exf5 Rxf5 15. Ne4
Raf8 16. axb5 axb5 17. N2g3 Nxg3 18. Nxg3 Rf4 19. Qe2 Qf7 20. f3 c4 21. bxc4
bxc4 22. Ne4 cxd3 23. cxd3 Bxe4 24. dxe4 Bc5+ 25. Kh1 Qh5 26. Qc4+ Kh8 27. Qxc5
Re8 28. Qf2 h6 29. Rac1 Re7 30. Rc5 Qe8 31. Rfc1 Rff7 32. Qg3 Kh7 33. Bxe5 Qa4
34. h3 Qa2 35. Rxc7 Rxc7 36. Rxc7 1-0